Problemas económico-sociales que derivan de la estructura demográfica de España : (Record no. 135769)

MARC details
000 -LEADER
campo de control de longitud fija 01077nam a2200253 4500
001 - NÚMERO DE CONTROL
campo de control 135769
003 - IDENTIFICADOR DE NÚMERO DE CONTROL
campo de control ES-MaACL
005 - FECHA Y HORA DE LA ÚLTIMA TRANSACCIÓN
campo de control 20230906194943.0
007 - CAMPO FIJO DE DESCRIPCIÓN FÍSICA--INFORMACIÓN GENERAL
campo de control de longitud fija t|
008 - DATOS DE LONGITUD FIJA--INFORMACIÓN GENERAL
campo de control de longitud fija 070214s1946 sp r ||||1| spa d
100 1# - ENTRADA PRINCIPAL--NOMBRE DE PERSONA
Nombre de persona Ruiz Almansa, Javier.
9 (RLIN) 100645
245 10 - MENCIÓN DEL TÍTULO
Título Problemas económico-sociales que derivan de la estructura demográfica de España :
Resto del título conferencia dada en la Escuela Social de Madrid el día 13 de diciembre de 1945 /
Mención de responsabilidad, etc. por D. Javier Ruiz Almansa.
260 ## - PUBLICACIÓN, DISTRIBUCIÓN, ETC.
Lugar de publicación, distribución, etc. Madrid :
Nombre del editor, distribuidor, etc. Escuela Social de Madrid,
Fecha de publicación, distribución, etc. 1946 (
Fabricante Imp. La Normal)
300 ## - DESCRIPCIÓN FÍSICA
Extensión 39 p. ;
Dimensiones 21 cm.
490 1# - MENCIÓN DE SERIE
Mención de serie Cuadernos del Congreso de Estudios Sociales. Sección 4ª
651 #4 - PUNTO DE ACCESO ADICIONAL DE MATERIA--NOMBRE GEOGRÁFICO
Nombre geográfico España-
Subdivisión general Situación económica-
Subdivisión cronológica 1939-1955.
9 (RLIN) 167677
651 #4 - PUNTO DE ACCESO ADICIONAL DE MATERIA--NOMBRE GEOGRÁFICO
Nombre geográfico España-
Subdivisión general Situación social-
Subdivisión cronológica 1939-1955.
9 (RLIN) 167678
710 2# - ENTRADA AGREGADA--NOMBRE DE ENTIDAD CORPORATIVA
Nombre de entidad corporativa o nombre de jurisdicción como elemento de entrada Escuela Social de Madrid.
9 (RLIN) 3593
711 2# - ENTRADA AGREGADA--NOMBRE DE REUNIÓN
Nombre de congreso/reunión o jurisdicción como elemento de entrada Congreso de Estudios Sociales (
Fecha del congreso o de la firma del tratado 1945.
Sede del congreso/Lugar de la reunión Madrid)
9 (RLIN) 173563
830 1# - PUNTO DE ACCESO ADICIONAL DE SERIE-TÍTULO UNIFORME
Título uniforme Cuadernos del Congreso de Estudios Sociales. Sección 4ª
9 (RLIN) 219947
852 ## - LOCALIZACIÓN
Ubicación ES-MaACL
Número de control de estantería 1870-F-7
852 ## - LOCALIZACIÓN
Ubicación ES-MaACL
Número de control de estantería 1865-F-2
Holdings
Estatus retirado Estado de pérdida Estado de daño No para préstamo Colección Biblioteca de origen Biblioteca actual Ubicación en estantería Fecha de adquisición Fuente de adquisición Total de préstamos Signatura topográfica completa Código de barras Visto por última vez Precio de reemplazo Tipo de ítem Koha
        Colección de folletos Biblioteca del Ateneo de Madrid Biblioteca del Ateneo de Madrid Depósito folletos 17/01/2008     1865-F-2 1141307 23/02/2023 23/02/2023 Folleto
        Colección de folletos Biblioteca del Ateneo de Madrid Biblioteca del Ateneo de Madrid Depósito folletos 17/01/2008     1870-F-7 1141306 23/02/2023 23/02/2023 Folleto